000
00289nam a2200121Ia 4500
008
191201s2013 xx 000 0 und d
100
_a
PRATT,terrance W
245
0
_a
Programming languages
260
_a
N. delhi
_b
BPB Publication
_c
2013
300
_a
589
650
_a
MCA
942
_2
ddc
_c
BK
999
_c
6047
_d
6047